书目信息 |
| 题名: |
农药与生态环境保护
|
|
| 作者: | 朱忠林 , 林玉锁 , 龚瑞忠 编著 | |
| 分册: | ||
| 出版信息: | 北京 化学工业出版社 2000 |
|
| 页数: | 211 | |
| 开本: | 19cm | |
| 丛书名: | 农用化学品与生态环境保护丛书 | |
| 单 册: | ||
| 中图分类: | X592 | |
| 科图分类: | ||
| 主题词: | 肥料污染 , 肥料污染--污染防治 , 农药污染 , 农药污染--污染防治 , 农药残留物 , 农药残留物--污染防治 | |
| 电子资源: | ||
| ISBN: | 7-5025-2707-9 | |
| 000 | 00915nam0 2200289 450 | |
| 001 | 0754114953 | |
| 005 | 20070929150154.95 | |
| 010 | @a7-5025-2707-9 | |
| 100 | @a20070929d km y0chiy0120 ea | |
| 101 | 0 | @achi |
| 200 | 1 | @a农药与生态环境保护@Anong yao yu sheng tai huan jing bao hu@f林玉锁,龚瑞忠,朱忠林 编著@Flin yu suo,gong rui zhong,zhu zhong lin bian zhu |
| 210 | @a北京@c化学工业出版社@d2000 | |
| 215 | @a211@c插图@d19cm | |
| 225 | 2 | @a农用化学品与生态环境保护丛书 |
| 410 | 0 | @12001 @a农用化学品与生态环境保护丛书 |
| 606 | 0 | @a肥料污染 |
| 606 | 0 | @a肥料污染@x污染防治 |
| 606 | 0 | @a农药污染 |
| 606 | 0 | @a农药污染@x污染防治 |
| 606 | 0 | @a农药残留物 |
| 606 | 0 | @a农药残留物@x污染防治 |
| 690 | @aX592@v3 | |
| 701 | 0 | @a朱忠林@Azhu zhong lin@4编著 |
| 701 | 0 | @a林玉锁@Alin yu suo@4编著 |
| 701 | 0 | @a龚瑞忠@Agong rui zhong@4编著 |
| 801 | 0 | @aCN@bPFT@c20070929 |
| 905 | @a213230@dX592@eh12@f1 | |
| 农药与生态环境保护/林玉锁,龚瑞忠,朱忠林 编著.-北京:化学工业出版社,2000 |
| 211:插图;19cm.-(农用化学品与生态环境保护丛书) |
| ISBN 7-5025-2707-9: |
| ● |
| 相关链接 |
|
|
|
|
正题名:农药与生态环境保护
索取号:X592/h12
 
预约/预借
| 序号 | 登录号 | 条形码 | 馆藏地/架位号 | 状态 | 备注 |
| 1 | 6000942 | 260009421 | 密集书库-化学系/ [索取号:X592/h12] | 在馆 |